Making the invisible visible (Record no. 109327)

MARC details
000 -LEADER
fixed length control field 02080cad a22002295a 4500
001 - CONTROL NUMBER
control field L146874
008 - FIXED-LENGTH DATA ELEMENTS--GENERAL INFORMATION
fixed length control field 090305s2009 xxkad f 000 0 eng d
035 ## - SYSTEM CONTROL NUMBER
System control number (Sirsi) u146874
041 0# - LANGUAGE CODE
Language code of text/sound track or separate title eng
050 04 - LIBRARY OF CONGRESS CALL NUMBER
Classification number 333.332 $2 22
110 2# - MAIN ENTRY--CORPORATE NAME
Corporate name or jurisdiction name as entry element Commission for Architecture and the Built Environment
9 (RLIN) 4058
245 00 - TITLE STATEMENT
Title Making the invisible visible
Remainder of title the real value of park assets
Medium [electronic resource]
260 ## - PUBLICATION, DISTRIBUTION, ETC.
Place of publication, distribution, etc. London
Name of publisher, distributor, etc. CABE
Date of publication, distribution, etc. 2009
505 2# - FORMATTED CONTENTS NOTE
Formatted contents note Foreward -- Executive summary -- Introduction -- Why local authority accounts say parks are only worth £1 each -- Value, quality and use: towards a better way of accounting for parks -- Case studies: practical attempts at valuing the physical assets of parks -- A suggested framework for valuing parks as financial and community assets -- Is the framework useful? responses from practitioners -- Findings -- Appendices
520 ## - SUMMARY, ETC.
Summary, etc. Given the fact that most local authorities assume that each park they own is worth only £1, questions why parks are accounted for in a way that does not recognise their financial value. Examines how parks are valued for local authority accounts, and then considers alternative accounting methodologies such as asset management planning. Considers the complex relationship between the financial value of a park, its quality and the benefits for people and suggests a simple mechanism to capture the wider value of a park to local people - park use as defined by visitor numbers. Concludes by proposing a framework for valuation that gives examples of different assets, indicating where valuation information can be found and shows how to quantify and value these, using Highbury Fields, Islington and Sefton Park, Liverpool as examples.
521 ## - TARGET AUDIENCE NOTE
Target audience note Advanced
590 ## - LOCAL NOTE (RLIN)
Local note KA
651 #4 - SUBJECT ADDED ENTRY--GEOGRAPHIC NAME
Geographic name United Kingdom
Chronological subdivision
690 ## - LOCAL SUBJECT ADDED ENTRY--TOPICAL TERM (OCLC, RLIN)
Topical term or geographic name as entry element PROPERTY-PROPERTY APPRAISAL AND VALUATION
856 40 - ELECTRONIC LOCATION AND ACCESS
Uniform Resource Identifier <a href="https://webarchive.nationalarchives.gov.uk/20110118095356/http://www.cabe.org.uk/files/making-the-invisible-visible-full.pdf">https://webarchive.nationalarchives.gov.uk/20110118095356/http://www.cabe.org.uk/files/making-the-invisible-visible-full.pdf</a>
Public note zView the item free of charge from the webarchive.nationalarchives.gov.uk
942 ## - ADDED ENTRY ELEMENTS (KOHA)
Suppress in OPAC 0
Holdings
Withdrawn status Lost status Source of classification or shelving scheme Damaged status Not for loan Home library Current library Shelving location Date acquired Total Checkouts Full call number Barcode Date last seen Copy number Price effective from Koha item type
    Dewey Decimal Classification     Virtual Virtual Online 05/03/2009   ONLINE PUBLICATION 146874-1001 06/08/2019 1 06/08/2019 Book